000 00552nam a2200229Ia 4500
003 OSt
005 20220918174609.0
006 a|||||r|||| 00| 0
007 ta
008 220917b |||||||| |||| 00| 0 eng d
024 _a13,046
037 _cTextual
040 _aARTS
_cARTS
_beng
041 _2eng
_aeng
082 _aN58wN3, K3
100 _aHetherington John
_951052
245 0 _aAustralian painters
260 _c1963
650 _aARTS
942 _hN58wN3, K3
_cTEXL
_2CC
999 _c153868
_d153868